[Event "Vellmar Chess Days"]
[Site "chess24.com"]
[Date "2015.08.06"]
[Round "1.1"]
[White "Langheinrich, Ferenc"]
[Black "Fabregas, Oliver"]
[Result "1-0"]
[WhiteElo "2385"]
[BlackElo "1957"]
[PlyCount "73"]
[EventDate "2015.??.??"]
[WhiteTeam "Germany"]
[BlackTeam "Germany"]
[WhiteTeamCountry "GER"]
[BlackTeamCountry "GER"]
[WhiteClock "0:37:24"]
[BlackClock "0:08:00"]

1. Nf3 Nf6 2. g3 b6 3. Bg2 Bb7 4. O-O e6 5. c4 Be7 6. Nc3 O-O 7. d4 d6 8. d5
exd5 9. cxd5 Nbd7 10. Nd4 Re8 11. Nc6 Bxc6 12. dxc6 Nc5 13. b4 Ne6 14. Bb2 a5
15. a3 Bf8 16. h3 h5 17. f4 Qe7 18. Qd2 Nd8 19. e4 axb4 20. axb4 Rxa1 21. Bxa1
Nxc6 22. e5 Nxe5 23. fxe5 dxe5 24. Nd5 Qd6 25. Nxf6+ gxf6 26. Qxd6 Bxd6 27.
Rxf6 Kg7 28. Rf5 f6 29. Rxh5 e4 30. Rf5 Re6 31. Bc3 Kg6 32. g4 Bg3 33. Kf1 Bh4
34. Ke2 Bg5 35. b5 Bh4 36. Rf4 e3 37. Re4 1-0

[Event "Vellmar Chess Days"]
[Site "chess24.com"]
[Date "2015.08.06"]
[Round "1.2"]
[White "Hansult, Manfred"]
[Black "Hilverda, Alexander"]
[Result "1/2-1/2"]
[WhiteElo "1950"]
[BlackElo "2382"]
[PlyCount "123"]
[EventDate "2015.??.??"]
[WhiteTeam "Germany"]
[BlackTeam "Germany"]
[WhiteTeamCountry "GER"]
[BlackTeamCountry "GER"]
[WhiteClock "0:02:34"]
[BlackClock "0:18:13"]

1. d4 d5 2. Nf3 Nf6 3. e3 Bf5 4. c4 c6 5. Bd3 Bxd3 6. Qxd3 e6 7. O-O Nbd7 8.
Nc3 Be7 9. cxd5 exd5 10. Bd2 O-O 11. Rfe1 Nb6 12. b3 Qd6 13. a3 Rfe8 14. Rec1
Bd8 15. Ne2 a5 16. Qc2 Ne4 17. Ng3 Bc7 18. Bc3 Qh6 19. Re1 Re6 20. Nd2 Nxg3 21.
hxg3 Qh5 22. Qd1 Qf5 23. Nf3 a4 24. bxa4 Rxa4 25. Bb4 Ra8 26. Qb1 Qh5 27. Bc5
Rh6 28. Kf1 Ra6 29. a4 Rf6 30. Ke2 Qg6 31. a5 Qxb1 32. Rexb1 Na8 33. Rxb7 g6
34. Ra7 Rxa7 35. Bxa7 Re6 36. a6 f6 37. Bc5 Re8 38. Rb1 Kf7 39. Rb7 Ke6 40. Nd2
h5 41. Ba7 Bd6 42. Bc5 Bc7 43. Nb3 Rh8 44. Bb4 Kd7 45. Ba5 Rc8 46. Nc5+ Ke8 47.
Bxc7 Nxc7 48. a7 Kd8 49. Rb8 Na8 50. Ne6+ Kd7 51. Nc5+ Kc7 52. Rb7+ Kd8 53.
Ne6+ Ke8 54. Rh7 Nb6 55. Rb7 Na8 56. Rb8 Kd7 57. Nc5+ Kc7 58. Rb7+ Kd8 59. Ne6+
Ke8 60. Rb8 Kd7 61. Nc5+ Kc7 62. Rb7+ 1/2-1/2

[Event "Vellmar Chess Days"]
[Site "chess24.com"]
[Date "2015.08.06"]
[Round "1.3"]
[White "Hahn, Markus"]
[Black "Braun, Ingram"]
[Result "1-0"]
[WhiteElo "2303"]
[BlackElo "1949"]
[PlyCount "113"]
[EventDate "2015.??.??"]
[WhiteTeam "Germany"]
[BlackTeam "Germany"]
[WhiteTeamCountry "GER"]
[BlackTeamCountry "GER"]
[WhiteClock "0:13:34"]
[BlackClock "0:01:35"]

1. Nf3 d5 2. c4 c6 3. d4 Nf6 4. e3 Bf5 5. cxd5 cxd5 6. Nc3 e6 7. Ne5 Nfd7 8.
Qb3 Qb6 9. Qxb6 Nxb6 10. Nb5 Na6 11. Bd2 f6 12. g4 Bg6 13. Nxg6 hxg6 14. Rc1
Kd7 15. h4 Be7 16. Bd3 g5 17. h5 Rhc8 18. Rxc8 Nxc8 19. f4 Nb4 20. Bb1 a6 21.
Nc3 Nc6 22. f5 Nd6 23. Ke2 Bf8 24. fxe6+ Kxe6 25. Bc2 b5 26. Rf1 Re8 27. Bg6
Rd8 28. Rc1 Ne7 29. Bh7 Rc8 30. Kd3 Nc4 31. Rb1 Nxd2 32. Kxd2 b4 33. Na4 Rc6
34. Rc1 Rxc1 35. Kxc1 f5 36. Nc5+ Kf7 37. gxf5 a5 38. Kd2 Nc8 39. Bg6+ Ke7 40.
e4 dxe4 41. Nxe4 g4 42. Ke3 Nd6 43. f6+ gxf6 44. Nxd6 Bh6+ 45. Kf2 Kxd6 46. Kg3
Kd5 47. Kxg4 a4 48. Kf5 Bc1 49. Be8 Kxd4 50. Bxa4 Kd3 51. Kg6 Bxb2 52. h6 f5
53. Kxf5 Kd4 54. Ke6 Ke4 55. h7 Kf4 56. Kf7 Kf5 57. Kg8 1-0

[Event "Vellmar Chess Days"]
[Site "chess24.com"]
[Date "2015.08.06"]
[Round "1.4"]
[White "Stuckenschneider, Martin"]
[Black "Kersten, Uwe"]
[Result "0-1"]
[WhiteElo "1947"]
[BlackElo "2300"]
[PlyCount "86"]
[EventDate "2015.??.??"]
[WhiteTeam "Germany"]
[BlackTeam "Germany"]
[WhiteTeamCountry "GER"]
[BlackTeamCountry "GER"]
[WhiteClock "0:16:52"]
[BlackClock "0:23:21"]

1. d4 Nf6 2. c4 c5 3. d5 b5 4. cxb5 a6 5. b6 d6 6. Nc3 Qxb6 7. e4 g6 8. Nf3
Nbd7 9. h3 Bg7 10. Be2 O-O 11. O-O Ne8 12. Qc2 Nc7 13. a4 Qb7 14. Bg5 Re8 15.
Rfd1 Rb8 16. Rab1 Qb3 17. Qc1 Nb6 18. a5 Nd7 19. Bh6 Bh8 20. Qf4 Qb4 21. Ng5
Nf6 22. g4 Bd7 23. Nxf7 Kxf7 24. g5 Kg8 25. gxf6 Bxf6 26. Bg4 Bxg4 27. Qxg4 Kh8
28. Rd3 Qb7 29. Rf3 Qc8 30. Qg3 Qd7 31. Bf4 Bg7 32. e5 Rf8 33. e6 Qe8 34. Bg5
Be5 35. Rxf8+ Qxf8 36. Qe3 Bd4 37. Qg3 Rb3 38. Rc1 Nxd5 39. Qh4 Nf6 40. Ne2 Be5
41. Nf4 Kg8 42. Bh6 Qa8 43. Re1 Qf3 0-1

[Event "Vellmar Chess Days"]
[Site "chess24.com"]
[Date "2015.08.06"]
[Round "1.5"]
[White "Dorst, Johannes"]
[Black "Bleecke, Sebastian"]
[Result "1-0"]
[WhiteElo "2207"]
[BlackElo "1932"]
[PlyCount "123"]
[EventDate "2015.??.??"]
[WhiteTeam "Germany"]
[BlackTeam "Germany"]
[WhiteTeamCountry "GER"]
[BlackTeamCountry "GER"]
[WhiteClock "0:15:12"]
[BlackClock "0:28:55"]

1. e4 c5 2. Nc3 Nc6 3. Bb5 Nd4 4. Bc4 e6 5. Nf3 Nf6 6. O-O d5 7. exd5 exd5 8.
Nxd5 Nxd5 9. Nxd4 cxd4 10. Qh5 Be6 11. Re1 Nf4 12. Bb5+ Ke7 13. Qg5+ f6 14.
Qxf4 Kf7 15. Qe4 Qd5 16. Qxd5 Bxd5 17. b3 Rc8 18. Bd3 Bb4 19. a3 Ba5 20. b4 Bb6
21. Bb2 a5 22. bxa5 Bxa5 23. Red1 Bb6 24. a4 Bc5 25. a5 Ra8 26. Ra4 Bc6 27. Rc4
Rxa5 28. Bxd4 Bd6 29. Rc3 Rha8 30. Bc4+ Kf8 31. f3 Ra1 32. Rxa1 Rxa1+ 33. Kf2
Ra4 34. d3 Bd7 35. Be3 Ra1 36. Bd5 Be5 37. Bc5+ Ke8 38. d4 Bxh2 39. Bxb7 Bb5
40. g3 Bg1+ 41. Kg2 Bf1+ 42. Kxg1 Ba6+ 43. Kf2 Bxb7 44. Re3+ Kd8 45. Re7 Bd5
46. Rxg7 Ra2 47. Bb6+ Ke8 48. Rc7 Ra6 49. Rc5 Bxf3 50. Kxf3 Rxb6 51. Rc7 Kd8
52. Rxh7 Rc6 53. Rh2 Ke7 54. Ke4 Kd6 55. Kd3 Rc8 56. c4 Rg8 57. Rh3 f5 58. Ke3
Rg4 59. Rh6+ Ke7 60. c5 Rxg3+ 61. Kf4 Rd3 62. Rd6 1-0

[Event "Vellmar Chess Days"]
[Site "chess24.com"]
[Date "2015.08.06"]
[Round "1.6"]
[White "Sevall, Jacob"]
[Black "Gassmann, Volker"]
[Result "0-1"]
[WhiteElo "1931"]
[BlackElo "2207"]
[PlyCount "122"]
[EventDate "2015.??.??"]
[WhiteTeam "Germany"]
[BlackTeam "Germany"]
[WhiteTeamCountry "GER"]
[BlackTeamCountry "GER"]
[WhiteClock "0:49:14"]
[BlackClock "0:06:24"]

1. d4 Nf6 2. c4 e6 3. Nc3 d5 4. Nf3 Nbd7 5. Bg5 c6 6. e3 Qa5 7. Rc1 Ne4 8. Bf4
Bb4 9. Qb3 Nb6 10. a3 Be7 11. Bc7 Nxc3 12. Rxc3 dxc4 13. Bxc4 O-O 14. O-O Kh8
15. Ne5 f6 16. Nd3 Qg5 17. Bxb6 axb6 18. Bxe6 Bd8 19. f4 Qh5 20. f5 Bc7 21. Nf4
Bxf4 22. Rxf4 Ra5 23. Bxc8 Rxc8 24. g4 Qh4 25. Qxb6 Raa8 26. Qxb7 Qe1+ 27. Rf1
Qe2 28. Rf4 Rab8 29. Qd7 Rg8 30. Rf2 Qxg4+ 31. Kf1 Qd1+ 32. Kg2 g6 33. e4 Qg4+
34. Rg3 Qxe4+ 35. Kh3 g5 36. Qd6 Rgf8 37. Rc3 Rbd8 38. Qxc6 Qxd4 39. Qf3 Rg8
40. Kg2 Rge8 41. h3 Re4 42. Re2 Rf4 43. Qb7 g4 44. Rg3 Qd1 45. Rge3 Rg8 46. Kg3
Rf3+ 47. Qxf3 gxf3+ 48. Kxf3 Qf1+ 49. Rf2 Qxh3+ 50. Ke2 Qg4+ 51. Rff3 Qd4 52.
b4 Rg2+ 53. Kf1 Rg8 54. Kf2 Rc8 55. Kg3 h5 56. Re6 Qg4+ 57. Kf2 Rc2+ 58. Re2
Qd4+ 59. Rfe3 Rc3 60. Kf3 Qg4+ 61. Kf2 Qf4+ 0-1

[Event "Vellmar Chess Days"]
[Site "chess24.com"]
[Date "2015.08.06"]
[Round "1.7"]
[White "Balje, Jan"]
[Black "Mueller, Joachim"]
[Result "1-0"]
[WhiteElo "2189"]
[BlackElo "1923"]
[PlyCount "63"]
[EventDate "2015.??.??"]
[WhiteTeam "Netherlands"]
[BlackTeam "Germany"]
[WhiteTeamCountry "NED"]
[BlackTeamCountry "GER"]
[WhiteClock "0:14:42"]
[BlackClock "0:22:07"]

1. d4 Nf6 2. c4 g6 3. Nf3 Bg7 4. g3 d6 5. Bg2 O-O 6. O-O Nbd7 7. Nc3 e5 8. e4
exd4 9. Nxd4 Nc5 10. h3 Re8 11. Re1 a6 12. Bg5 h6 13. Bf4 Kh7 14. Rb1 Rb8 15.
a4 Ne6 16. Be3 Bd7 17. Qc2 Nxd4 18. Bxd4 Bc6 19. a5 Re6 20. b4 Nh5 21. Bxg7
Kxg7 22. b5 axb5 23. cxb5 Bd7 24. a6 bxa6 25. bxa6 Ra8 26. Ra1 Ra7 27. Reb1 Bc6
28. Nb5 Bxb5 29. Rxb5 Qc8 30. Qb2+ Nf6 31. Rb8 Qd7 32. Rb7 1-0

[Event "Vellmar Chess Days"]
[Site "chess24.com"]
[Date "2015.08.06"]
[Round "1.8"]
[White "Kobs, Stephan"]
[Black "Humburg, Philipp"]
[Result "1/2-1/2"]
[WhiteElo "1920"]
[BlackElo "2186"]
[PlyCount "180"]
[EventDate "2015.??.??"]
[WhiteTeam "Germany"]
[BlackTeam "Germany"]
[WhiteTeamCountry "GER"]
[BlackTeamCountry "GER"]
[WhiteClock "0:04:02"]
[BlackClock "0:22:37"]

1. e4 c5 2. Nf3 Nc6 3. d4 cxd4 4. Nxd4 e6 5. Nb5 d6 6. Bf4 e5 7. Be3 a6 8. N5c3
Nf6 9. Bg5 Be7 10. Bxf6 Bxf6 11. Nd5 O-O 12. Nbc3 Bg5 13. h4 Be7 14. Bc4 b5 15.
Bb3 Be6 16. Nxe7+ Qxe7 17. Nd5 Bxd5 18. Bxd5 Rac8 19. c3 a5 20. Qg4 a4 21. O-O
Qa7 22. a3 Kh8 23. Rad1 Ne7 24. Kh1 Rc5 25. Ba2 Qc7 26. Rd3 f5 27. exf5 Rxf5
28. Rf3 Rxf3 29. Qxf3 Qd8 30. Bb1 Nd5 31. g3 Nf6 32. Rd1 d5 33. Qe3 Qc7 34. Ba2
h6 35. Qf3 Qd7 36. Kg2 Rc8 37. Bxd5 Qc7 38. Bb7 Rf8 39. Qc6 Qf7 40. Rd2 e4 41.
Bc8 Qh5 42. Be6 Qf3+ 43. Kg1 Nh5 44. Qd5 Nxg3 45. fxg3 Qf1+ 46. Kh2 e3 47. Bh3
e2 48. Bxf1 exf1=Q 49. Qg2 Qe1 50. Qe2 Qc1 51. Rd1 Rf2+ 52. Qxf2 Qxd1 53. Qf8+
Kh7 54. Qf5+ Kh8 55. Qxb5 h5 56. Qe8+ Kh7 57. Qe4+ Kg8 58. c4 Qd2+ 59. Qg2 Qc1
60. Qd5+ Kf8 61. Qd8+ Kf7 62. Qd7+ Kg6 63. Qd4 Qc2+ 64. Kh3 Qf5+ 65. Kg2 Qc2+
66. Kf1 Qc1+ 67. Ke2 Qc2+ 68. Ke3 Qc1+ 69. Ke4 Qe1+ 70. Kd5 Qxg3 71. c5 Kf7 72.
c6 g5 73. hxg5 Qxg5+ 74. Qe5 Qd8+ 75. Kc5 Qa5+ 76. Kd4 Qxe5+ 77. Kxe5 Ke7 78.
Kf5 Kd6 79. Kg5 Kxc6 80. Kxh5 Kd5 81. Kg5 Kc4 82. Kf4 Kd3 83. Ke5 Kc2 84. Kd4
Kxb2 85. Kc4 Kxa3 86. Kc3 Ka2 87. Kc2 a3 88. Kc1 Kb3 89. Kb1 a2+ 90. Ka1 Ka3
1/2-1/2

[Event "Vellmar Chess Days"]
[Site "chess24.com"]
[Date "2015.08.06"]
[Round "1.9"]
[White "Rothe, Guido"]
[Black "Freier, Werner"]
[Result "1-0"]
[WhiteElo "2179"]
[BlackElo "1912"]
[PlyCount "59"]
[EventDate "2015.??.??"]
[WhiteTeam "Germany"]
[BlackTeam "Germany"]
[WhiteTeamCountry "GER"]
[BlackTeamCountry "GER"]
[WhiteClock "0:12:47"]
[BlackClock "0:16:24"]

1. c4 e6 2. Nf3 d5 3. g3 Nf6 4. Bg2 Be7 5. O-O O-O 6. b3 c5 7. e3 Nc6 8. Bb2
Ne4 9. d4 Bf6 10. Ne5 cxd4 11. exd4 Be7 12. Qe2 f5 13. Nxc6 bxc6 14. Nd2 a5 15.
Nxe4 fxe4 16. f3 exf3 17. Rxf3 Bf6 18. Re3 Rb8 19. c5 a4 20. Bh3 Rb4 21. Rd1
axb3 22. axb3 Qa5 23. Bc3 Qb5 24. Bxb4 Qxb4 25. Qe1 Qa3 26. Bxe6+ Bxe6 27. Rxe6
Qxb3 28. Re8 Kf7 29. Qe6+ Kg6 30. Rd2 1-0

[Event "Vellmar Chess Days"]
[Site "chess24.com"]
[Date "2015.08.06"]
[Round "1.10"]
[White "Verhoef, Ruud"]
[Black "Schroeder, Kevin"]
[Result "0-1"]
[WhiteElo "1911"]
[BlackElo "2175"]
[PlyCount "80"]
[EventDate "2015.??.??"]
[WhiteTeam "Netherlands"]
[BlackTeam "Germany"]
[WhiteTeamCountry "NED"]
[BlackTeamCountry "GER"]
[WhiteClock "0:02:01"]
[BlackClock "0:23:47"]

1. e4 e5 2. Nf3 Nf6 3. Nxe5 Nxe4 4. Qe2 Qe7 5. Qxe4 d6 6. d4 dxe5 7. Qxe5 Qxe5+
8. dxe5 Bf5 9. Nc3 Nc6 10. Bb5 Bxc2 11. Be3 Bb4 12. O-O O-O 13. Bxc6 bxc6 14.
Rfc1 Bd3 15. a3 Be7 16. Na4 Rfb8 17. b4 a5 18. Nc5 Bf5 19. h3 h5 20. bxa5 Rxa5
21. a4 Rb2 22. Rc4 Bb1 23. Ra3 Ba2 24. Rc1 Bd5 25. Bd4 Rb4 26. Be3 Kh7 27. Rac3
Bxc5 28. Bxc5 Rbxa4 29. f3 Rb5 30. Bf2 Kg6 31. Rc5 Rxc5 32. Bxc5 Kf5 33. Bf8 g5
34. Bg7 Ra2 35. Bf6 Kf4 36. Rd1 Kg3 37. Bxg5 Rxg2+ 38. Kf1 Bc4+ 39. Ke1 Re2+
40. Kf1 Rxe5+ 0-1

[Event "Vellmar Chess Days"]
[Site "chess24.com"]
[Date "2015.08.06"]
[Round "1.11"]
[White "Heinelt, Manfred"]
[Black "Grcic, Vukasin"]
[Result "1-0"]
[WhiteElo "2171"]
[BlackElo "1905"]
[PlyCount "71"]
[EventDate "2015.??.??"]
[WhiteTeam "Germany"]
[BlackTeam "Serbia"]
[WhiteTeamCountry "GER"]
[BlackTeamCountry "SRB"]
[WhiteClock "0:27:50"]
[BlackClock "0:57:40"]

1. d4 Nf6 2. c4 c5 3. d5 b5 4. cxb5 a6 5. b6 g6 6. Nc3 Bg7 7. Nf3 Qxb6 8. e4
O-O 9. Be2 d6 10. O-O Bg4 11. Nd2 Bxe2 12. Qxe2 Nbd7 13. Nc4 Qc7 14. Na4 Rfb8
15. Bd2 Rb5 16. Rac1 Ne8 17. b3 Ne5 18. Na3 Rb7 19. f4 Nd7 20. Nc4 Rb5 21. Bc3
Bxc3 22. Rxc3 Ng7 23. Rh3 Re8 24. Qf2 Nf6 25. Qh4 h5 26. Nc3 Rb4 27. Qg5 Qd7
28. f5 Nh7 29. Qh6 g5 30. Rxh5 Nxh5 31. Qxh5 f6 32. Rf3 Rd8 33. Qg6+ Kh8 34.
Rh3 e5 35. dxe6 Qg7 36. Rxh7+ 1-0

[Event "Vellmar Chess Days"]
[Site "chess24.com"]
[Date "2015.08.06"]
[Round "1.12"]
[White "Hilgert, Viktor"]
[Black "Clemens, Adrian"]
[Result "0-1"]
[WhiteElo "1905"]
[BlackElo "2170"]
[PlyCount "38"]
[EventDate "2015.??.??"]
[WhiteTeam "Germany"]
[BlackTeam "Netherlands"]
[WhiteTeamCountry "GER"]
[BlackTeamCountry "NED"]
[WhiteClock "0:36:09"]
[BlackClock "0:52:19"]

1. d4 Nf6 2. c4 g6 3. Nc3 Bg7 4. e4 d6 5. f3 O-O 6. Be3 c5 7. Nge2 Nc6 8. Qd2
Qa5 9. Rd1 a6 10. d5 Ne5 11. Nc1 Bd7 12. b3 b5 13. Be2 bxc4 14. bxc4 Qb4 15.
Nd3 Nxd3+ 16. Bxd3 Ng4 17. Be2 Nf6 18. Qd3 Nxd5 19. Bd2 Nf6 0-1

[Event "Vellmar Chess Days"]
[Site "chess24.com"]
[Date "2015.08.06"]
[Round "1.13"]
[White "Yu, Ting"]
[Black "Maar, Samuel"]
[Result "1-0"]
[WhiteElo "2148"]
[BlackElo "1902"]
[PlyCount "81"]
[EventDate "2015.??.??"]
[WhiteTeam "China"]
[BlackTeam "Germany"]
[WhiteTeamCountry "CHN"]
[BlackTeamCountry "GER"]
[WhiteClock "0:06:59"]
[BlackClock "0:00:32"]

1. e4 e5 2. Nf3 d6 3. d4 exd4 4. Nxd4 Nf6 5. Nc3 h6 6. Be2 Be7 7. O-O O-O 8.
Re1 d5 9. exd5 Nxd5 10. Nxd5 Qxd5 11. Bf3 Qd7 12. Be3 Rd8 13. Qe2 Bf6 14. Rad1
Qe7 15. Qc4 Na6 16. c3 c5 17. Bg5 Be6 18. Nxe6 Rxd1 19. Rxd1 hxg5 20. Qb5 Qxe6
21. Bxb7 Nc7 22. Qxc5 Re8 23. h3 Be5 24. Bc6 Qf5 25. b4 Ne6 26. Qxa7 Rf8 27.
Qe3 Qf4 28. Qxf4 gxf4 29. c4 Rc8 30. b5 Nd4 31. Bd5 Ne2+ 32. Kf1 Nc3 33. Rd2
Re8 34. b6 Nxd5 35. Rxd5 Bc3 36. f3 Re1+ 37. Kf2 Rb1 38. c5 Rb2+ 39. Kf1 f6 40.
c6 Rb1+ 41. Ke2 1-0

[Event "Vellmar Chess Days"]
[Site "chess24.com"]
[Date "2015.08.06"]
[Round "1.14"]
[White "Bauch, Frank"]
[Black "Jeske, Mark"]
[Result "0-1"]
[WhiteElo "1899"]
[BlackElo "2124"]
[PlyCount "88"]
[EventDate "2015.??.??"]
[WhiteTeam "Germany"]
[BlackTeam "Germany"]
[WhiteTeamCountry "GER"]
[BlackTeamCountry "GER"]
[WhiteClock "0:01:42"]
[BlackClock "0:00:53"]

1. d4 d5 2. c4 c6 3. cxd5 cxd5 4. Nc3 Nf6 5. Nf3 Nc6 6. Bf4 a6 7. e3 Bg4 8. Be2
e6 9. O-O Be7 10. h3 Bxf3 11. Bxf3 O-O 12. Rc1 Rc8 13. Be2 Na5 14. Bd3 Nc4 15.
Qe2 Qa5 16. Bxc4 dxc4 17. e4 b5 18. a3 Qb6 19. Rfd1 Rfe8 20. Be3 Qb7 21. f3
Red8 22. Rc2 Nd7 23. Rcd2 a5 24. Ra1 h6 25. Qf2 b4 26. axb4 axb4 27. Ne2 Qb5
28. d5 Bc5 29. dxe6 fxe6 30. Rad1 Bxe3 31. Qxe3 Rc7 32. Kf2 Rdc8 33. Nd4 Qb6
34. Nc2 Qxe3+ 35. Kxe3 c3 36. bxc3 Rxc3+ 37. Ke2 Rxc2 38. Rb1 Rxd2+ 39. Kxd2
Rb8 40. Kd3 Kf7 41. h4 Kf6 42. Kd4 b3 43. Rb2 e5+ 44. Kd5 Nb6+ 0-1

[Event "Vellmar Chess Days"]
[Site "chess24.com"]
[Date "2015.08.06"]
[Round "1.15"]
[White "Sieber, Fiona"]
[Black "Kanbach, Mike"]
[Result "1-0"]
[WhiteElo "2098"]
[BlackElo "1872"]
[PlyCount "49"]
[EventDate "2015.??.??"]
[WhiteTeam "Germany"]
[BlackTeam "Germany"]
[WhiteTeamCountry "GER"]
[BlackTeamCountry "GER"]
[WhiteClock "0:21:21"]
[BlackClock "0:01:40"]

1. e4 e6 2. d4 d5 3. Nc3 Nc6 4. e5 f6 5. Nf3 Bd7 6. Bd3 Qe7 7. O-O Qf7 8. Nb5
O-O-O 9. c4 Nge7 10. exf6 gxf6 11. Bf4 e5 12. dxe5 dxc4 13. exf6 Qxf6 14. Bxc7
cxd3 15. Bxd8 Kxd8 16. Qxd3 Kc8 17. Rfd1 Bg4 18. Qb3 Nf5 19. Rac1 Kb8 20. Rxc6
Qxc6 21. Rd8+ Qc8 22. Rxc8+ Kxc8 23. Qc3+ Kd8 24. Qxh8 a6 25. Qd4+ 1-0

[Event "Vellmar Chess Days"]
[Site "chess24.com"]
[Date "2015.08.06"]
[Round "1.17"]
[White "Jans, Micha"]
[Black "Rafiee, Kayvan"]
[Result "1-0"]
[WhiteElo "2095"]
[BlackElo "1844"]
[PlyCount "95"]
[EventDate "2015.??.??"]
[WhiteTeam "Netherlands"]
[BlackTeam "Germany"]
[WhiteTeamCountry "NED"]
[BlackTeamCountry "GER"]
[WhiteClock "0:24:44"]
[BlackClock "0:37:09"]

1. e4 c5 2. Nc3 Nc6 3. g3 g6 4. Bg2 Bg7 5. d3 d6 6. Be3 Nd4 7. Qd2 e6 8. Nd1
Rb8 9. c3 Nc6 10. Ne2 Qa5 11. O-O Bd7 12. Kh1 b5 13. f4 f5 14. exf5 exf5 15. d4
c4 16. d5 Nce7 17. Nd4 Nf6 18. Ne6 Kf7 19. Nxg7 Kxg7 20. Bd4 Kf7 21. Ne3 Rbc8
22. Nc2 Rhe8 23. Bxf6 Kxf6 24. Qd4+ Kf7 25. Nb4 Qc7 26. Rad1 a5 27. Nc2 Ng8 28.
Rfe1 Nf6 29. a3 Qc5 30. Rxe8 Rxe8 31. Bf3 Ne4 32. Kg2 Qc7 33. Re1 Nc5 34. Rxe8
Bxe8 35. Qh8 Qd8 36. Qxh7+ Kf8 37. Nd4 Qf6 38. Qc7 a4 39. Ne6+ Kg8 40. Nxc5
dxc5 41. Qxc5 g5 42. fxg5 Qxg5 43. Qd4 Qc1 44. d6 Qc2+ 45. Qf2 Qd3 46. Qe2
Qxe2+ 47. Bxe2 Kf7 48. Bh5+ 1-0

[Event "Vellmar Chess Days"]
[Site "chess24.com"]
[Date "2015.08.06"]
[Round "1.18"]
[White "Linke, Michael"]
[Black "Zahn, Richard"]
[Result "1/2-1/2"]
[WhiteElo "1840"]
[BlackElo "2091"]
[PlyCount "62"]
[EventDate "2015.??.??"]
[WhiteTeam "Germany"]
[BlackTeam "Germany"]
[WhiteTeamCountry "GER"]
[BlackTeamCountry "GER"]
[WhiteClock "0:39:27"]
[BlackClock "0:09:22"]

1. e4 e6 2. d4 d5 3. Nc3 Bb4 4. e5 c5 5. a3 cxd4 6. Qxd4 Nc6 7. Bb5 Bd7 8. Bxc6
Bxc3+ 9. Qxc3 Bxc6 10. Nf3 Ne7 11. O-O Rc8 12. Qb4 a5 13. Qg4 Nf5 14. c3 Bb5
15. Re1 Rc4 16. Nd4 h5 17. Qd1 Nxd4 18. cxd4 a4 19. Be3 Qd7 20. Rc1 Rxc1 21.
Qxc1 Bc4 22. Bd2 Kf8 23. Bb4+ Kg8 24. Qg5 Qe8 25. h4 Rh6 26. Re3 f6 27. exf6
Rxf6 28. Re5 Qf7 29. Qe3 Kh7 30. Bd2 Rf5 31. Bc3 Rxe5 1/2-1/2

[Event "Vellmar Chess Days"]
[Site "chess24.com"]
[Date "2015.08.06"]
[Round "1.19"]
[White "Von Auer, Ulrich"]
[Black "Rehbein, Ullrich"]
[Result "1-0"]
[WhiteElo "2073"]
[BlackElo "1832"]
[PlyCount "43"]
[EventDate "2015.??.??"]
[WhiteTeam "Germany"]
[BlackTeam "Germany"]
[WhiteTeamCountry "GER"]
[BlackTeamCountry "GER"]
[WhiteClock "0:33:35"]
[BlackClock "0:29:28"]

1. d4 c5 2. d5 Nf6 3. c4 g6 4. Nc3 Bg7 5. e4 d6 6. h3 O-O 7. Nf3 b5 8. cxb5 a6
9. a4 axb5 10. Bxb5 Ba6 11. Bd2 e6 12. dxe6 fxe6 13. e5 Nd5 14. exd6 Qxd6 15.
O-O Nc6 16. Ne4 Qc7 17. Bxa6 Rxa6 18. Nxc5 Qa7 19. Nxa6 Qxa6 20. Re1 e5 21. Qb3
Nce7 22. Bg5 1-0

[Event "Vellmar Chess Days"]
[Site "chess24.com"]
[Date "2015.08.06"]
[Round "1.20"]
[White "Schirra, Maurice"]
[Black "Nies, Peter"]
[Result "1-0"]
[WhiteElo "1828"]
[BlackElo "2056"]
[PlyCount "69"]
[EventDate "2015.??.??"]
[WhiteTeam "Germany"]
[BlackTeam "Germany"]
[WhiteTeamCountry "GER"]
[BlackTeamCountry "GER"]
[WhiteClock "0:09:25"]
[BlackClock "0:03:28"]

1. e4 e6 2. Nc3 d5 3. Nf3 Nf6 4. e5 Nfd7 5. d4 c5 6. dxc5 Nc6 7. Bf4 Bxc5 8.
Bd3 f6 9. exf6 Nxf6 10. Qe2 O-O 11. O-O-O Qa5 12. Kb1 Bd7 13. h4 Rae8 14. Ne5
Nb4 15. a3 Nxd3 16. Rxd3 Bb5 17. Nxb5 Qxb5 18. f3 Nh5 19. Bh2 Nf4 20. Bxf4 Rxf4
21. Qd2 Rf5 22. Re1 Bd6 23. Rde3 d4 24. Qxd4 Bc5 25. Qd3 Qa4 26. Re4 Rxe5 27.
Rxa4 Rxe1+ 28. Ka2 Bb6 29. Re4 Rg1 30. Qd7 Rf8 31. Qxe6+ Kh8 32. Qf7 Bc5 33.
Re8 Rxe8 34. Qxe8+ Bf8 35. Qxf8# 1-0

[Event "Vellmar Chess Days"]
[Site "chess24.com"]
[Date "2015.08.06"]
[Round "1.21"]
[White "Biastoch, Bennet"]
[Black "Meise, Jan"]
[Result "0-1"]
[WhiteElo "2046"]
[BlackElo "1816"]
[PlyCount "74"]
[EventDate "2015.??.??"]
[WhiteTeam "Germany"]
[BlackTeam "Germany"]
[WhiteTeamCountry "GER"]
[BlackTeamCountry "GER"]
[WhiteClock "0:04:44"]
[BlackClock "0:03:10"]

1. e4 c6 2. c4 d5 3. exd5 cxd5 4. cxd5 Nf6 5. Nc3 Nxd5 6. d4 Nc6 7. Bg5 Qa5 8.
Bd2 e6 9. Nf3 Be7 10. a3 O-O 11. Bc4 Qd8 12. Bd3 Bf6 13. Ne2 e5 14. dxe5 Nxe5
15. Nxe5 Bxe5 16. O-O Bg4 17. Qb3 Re8 18. Rfe1 Qd6 19. h3 Be6 20. Bc4 Nf6 21.
Bxe6 Rxe6 22. Rad1 Qa6 23. Bb4 Rae8 24. Qc2 Qb6 25. b3 Ne4 26. Nc1 Ng5 27. Nd3
Bd4 28. Rxe6 Nxe6 29. Qd2 h6 30. Rc1 Ng5 31. Nc5 Qf6 32. Rc4 Qg6 33. Kh2 Be5+
34. f4 Bb8 35. g3 Nf3+ 36. Kg2 Nxd2 37. Bxd2 Re2+ 0-1

[Event "Vellmar Chess Days"]
[Site "chess24.com"]
[Date "2015.08.06"]
[Round "1.22"]
[White "Lukas, Anne"]
[Black "Calvi, Stefan"]
[Result "1/2-1/2"]
[WhiteElo "1801"]
[BlackElo "2041"]
[PlyCount "89"]
[EventDate "2015.??.??"]
[WhiteTeam "Germany"]
[BlackTeam "Germany"]
[WhiteTeamCountry "GER"]
[BlackTeamCountry "GER"]
[WhiteClock "1:09:02"]
[BlackClock "0:00:37"]

1. d4 Nf6 2. c4 g6 3. Nc3 Bg7 4. e4 d6 5. Nf3 O-O 6. Be2 c5 7. d5 e6 8. O-O
exd5 9. exd5 Na6 10. Bf4 Nc7 11. a4 Nh5 12. Bg5 f6 13. Bh4 Nf4 14. Re1 g5 15.
Bg3 Nxe2+ 16. Qxe2 f5 17. h3 f4 18. Bh2 Bf5 19. Qe7 Bf6 20. Qxd8 Raxd8 21. Ne4
h6 22. Nxf6+ Rxf6 23. h4 Rg6 24. Re7 Rd7 25. Rae1 Kf8 26. Rxd7 Bxd7 27. hxg5
hxg5 28. b3 Ne8 29. Nd2 Nf6 30. f3 Bf5 31. Kf2 Rh6 32. Kg1 Rh7 33. g3 g4 34.
gxf4 gxf3 35. Bg3 Re7 36. Rxe7 Kxe7 37. Bh4 Kf7 38. Bxf6 Kxf6 39. Kf2 Bc2 40.
Kxf3 Kf5 41. a5 b6 42. axb6 axb6 43. Ke3 Kf6 44. Kf3 Kf5 45. Ke3 1/2-1/2

[Event "Vellmar Chess Days"]
[Site "chess24.com"]
[Date "2015.08.06"]
[Round "1.24"]
[White "Koerber, Thomas"]
[Black "Ziegenfuss, Holger"]
[Result "0-1"]
[WhiteElo "1798"]
[BlackElo "2032"]
[PlyCount "92"]
[EventDate "2015.??.??"]
[WhiteTeam "Germany"]
[BlackTeam "Germany"]
[WhiteTeamCountry "GER"]
[BlackTeamCountry "GER"]
[WhiteClock "0:20:04"]
[BlackClock "0:05:01"]

1. e4 e5 2. Nc3 Nf6 3. Be2 d5 4. exd5 Nxd5 5. Ne4 Nc6 6. c3 f5 7. Ng3 Nf4 8.
Bf1 Nd3+ 9. Bxd3 Qxd3 10. Qe2 e4 11. Nh3 Bd6 12. O-O O-O 13. f4 b6 14. b4 Nxb4
15. cxb4 Qd4+ 16. Kh1 Qxa1 17. Qc4+ Kh8 18. Ng5 Qf6 19. Nh5 Qg6 20. Ng3 h6 21.
Nh3 a5 22. b5 Be6 23. Qc2 Qf7 24. a3 Rad8 25. Bb2 Bc5 26. Be5 Rd7 27. Rc1 Bxa3
28. Ra1 Bc5 29. Qb2 Rfd8 30. Bc3 Bc4 31. Ng1 Bd4 32. Ra4 Bxc3 33. dxc3 Rd2 34.
Qa1 Rd1 35. Qa3 Bxb5 36. Rd4 R1xd4 37. cxd4 Rxd4 38. Qb2 Rd5 39. h3 Qd7 40. Kh2
Rd1 41. Qe5 Rd5 42. Qb2 a4 43. Qb4 Qd6 44. Qe1 Qxf4 45. Kh1 a3 46. Nh5 Qg5 0-1